|
|
|
|
| LEADER |
00000nam0a2200000 4500 |
| 001 |
351034 |
| 005 |
20231102010349.0 |
| 035 |
|
|
|a (RuTPU)RU\TPU\retro\5448
|
| 090 |
|
|
|a 351034
|
| 100 |
|
|
|a 20190319d1928 m y0rusy50 ca
|
| 101 |
0 |
|
|a rus
|
| 102 |
|
|
|a RU
|
| 105 |
|
|
|a a j 001zy
|
| 200 |
1 |
|
|a Курс радиотехники
|e [учебное пособие]
|f И. Г. Фрейман
|
| 205 |
|
|
|a 2-е изд., перераб. и доп.
|
| 210 |
|
|
|a Москва
|a Ленинград
|c Государственное изд-во
|d 1928
|
| 215 |
|
|
|a 495 с.
|c ил.
|
| 225 |
1 |
|
|a Пособия для высшей школы
|
| 317 |
|
|
|5 63413507: КР-6370
|a Поступила в НТБ в 1987 г. в дар от вдовы ученого Е. К. Завадовской
|
| 320 |
|
|
|a Библиогр.: с. 491-492
|
| 320 |
|
|
|a Предметный указатель: с. 493-495
|
| 606 |
1 |
|
|a Радиотехника
|2 stltpush
|3 (RuTPU)RU\TPU\subj\71345
|9 85301
|
| 610 |
1 |
|
|a высокочастотные токи
|
| 610 |
1 |
|
|a источники тока
|
| 610 |
1 |
|
|a источники энергии
|
| 610 |
1 |
|
|a ламповые генераторы
|
| 610 |
1 |
|
|a колебания
|
| 610 |
1 |
|
|a трансформация
|
| 610 |
1 |
|
|a косвенное возбуждение
|
| 610 |
1 |
|
|a управление
|
| 610 |
1 |
|
|a радиосети
|
| 610 |
1 |
|
|a электромагнитные волны
|
| 610 |
1 |
|
|a распространение
|
| 610 |
1 |
|
|a прием
|
| 610 |
1 |
|
|a слабые токи высокой частоты
|
| 610 |
1 |
|
|a учебные пособия
|
| 610 |
1 |
|
|a библиотека А. А. Воробьева
|
| 610 |
1 |
|
|a дары библиотеке
|
| 675 |
|
|
|a 621.37(075.8)
|v 4
|
| 700 |
|
1 |
|a Фрейман
|b И. Г.
|g Имант Георгиевич
|
| 801 |
|
1 |
|a RU
|b 63413507
|c 20190319
|
| 801 |
|
2 |
|a RU
|b 63413507
|c 20200110
|g RCR
|
| 942 |
|
|
|c BK
|